[Event "Eliminacje Miedzywojewodzkie MA-WM D13"]
[Site "Brok"]
[Date "2022.09.12"]
[Round "6.1"]
[White "Stolarz, Anna"]
[Black "Podoba, Hanna"]
[Result "0-1"]
[BlackElo "1067"]
[WhiteElo "1005"]
[LiveChessVersion "1.4.8"]

1. e4 {[%clk 1:30:57]} e5 {[%clk 1:28:34]} 2. Nf3 {[%clk 1:31:13]} Nc6
{[%clk 1:28:30]} 3. Bb5 {[%clk 1:31:36]} Nf6 {[%clk 1:26:06]} 4. Nc3
{[%clk 1:30:21]} d6 {[%clk 1:24:10]} 5. d4 {[%clk 1:30:05]} exd4 {[%clk 1:23:23]}
6. Nxd4 {[%clk 1:30:16]} Bd7 {[%clk 1:23:41]} 7. Nxc6 {[%clk 1:27:59]} Bxc6
{[%clk 1:23:31]} 8. Bxc6+ {[%clk 1:27:54]} bxc6 {[%clk 1:23:52]} 9. f3
{[%clk 1:22:15]} h5 {[%clk 1:20:56]} 10. Bg5 {[%clk 1:14:27]} Qd7
{[%clk 1:20:09]} 11. Bxf6 {[%clk 1:10:47]} gxf6 {[%clk 1:20:27]} 12. Qd4
{[%clk 1:09:29]} Rg8 {[%clk 1:18:58]} 13. Rg1 {[%clk 1:01:25]} Be7
{[%clk 1:17:13]} 14. O-O-O {[%clk 1:01:13]} c5 {[%clk 1:12:20]} 15. Qd5 Rb8
{[%clk 1:12:06]} 16. Qc4 {[%clk 0:48:54]} c6 {[%clk 1:11:27]} 17. Qa6
{[%clk 0:46:17]} Rb6 {[%clk 1:11:24]} 18. Qd3 {[%clk 0:46:04]} Qb7
{[%clk 1:10:23]} 19. b3 {[%clk 0:45:07]} Rb4 {[%clk 1:09:11]} 20. Rd2
{[%clk 0:43:59]} Rd4 {[%clk 1:01:08]} 21. Qe3 {[%clk 0:41:11]} Qb4
{[%clk 0:59:11]} 22. Rgd1 {[%clk 0:40:25]} Qa3+ {[%clk 0:55:11]} 23. Kb1
{[%clk 0:40:45]} Rb4 {[%clk 0:55:05]} 24. Ka1 {[%clk 0:39:52]} c4
{[%clk 0:45:29]} 25. Nb1 {[%clk 0:38:31]} Qa5 {[%clk 0:44:58]} 26. a3
{[%clk 0:34:00]} cxb3 {[%clk 0:44:50]} 27. cxb3 {[%clk 0:34:10]} Qe5+
{[%clk 0:41:17]} 28. Ka2 {[%clk 0:34:14]} Rb6 {[%clk 0:40:16]} 29. f4
{[%clk 0:33:28]} Qe6 {[%clk 0:38:39]} 30. g3 {[%clk 0:32:05]} Qh3
{[%clk 0:38:23]} 31. Nc3 {[%clk 0:29:59]} h4 {[%clk 0:37:30]} 32. Rg1
{[%clk 0:29:28]} Qe6 {[%clk 0:34:47]} 33. Na4 {[%clk 0:28:14]} Ra6
{[%clk 0:34:50]} 34. f5 {[%clk 0:26:55]} Qe5 {[%clk 0:34:19]} 35. Rgg2
{[%clk 0:24:44]} d5 {[%clk 0:33:13]} 36. Qf4 {[%clk 0:22:25]} Qxe4
{[%clk 0:30:21]} 37. Qxe4 {[%clk 0:22:31]} dxe4 {[%clk 0:30:46]} 38. gxh4
{[%clk 0:22:04]} Rxg2 {[%clk 0:28:53]} 39. Rxg2 {[%clk 0:22:26]} Ra5
{[%clk 0:29:16]} 40. h5 {[%clk 0:21:56]} Rxf5 {[%clk 0:28:52]} 41. Nc3
{[%clk 0:17:41]} e3 {[%clk 0:24:20]} 42. Ne2 {[%clk 0:13:36]} Rf2
{[%clk 0:21:54]} 43. Rxf2 {[%clk 0:13:34]} exf2 44. Ng3 {[%clk 0:13:44]} Kf8
{[%clk 0:22:19]} 45. a4 {[%clk 0:13:29]} Bd6 {[%clk 0:22:36]} 46. Nf1
{[%clk 0:13:48]} Kg7 {[%clk 0:22:58]} 47. Kb1 {[%clk 0:13:53]} Kh6
{[%clk 0:23:20]} 48. Kc2 {[%clk 0:14:15]} Kxh5 {[%clk 0:23:39]} 49. Kd2
{[%clk 0:14:15]} Kg4 50. Ke2 {[%clk 0:14:01]} Bc5 {[%clk 0:23:49]} 51. b4
{[%clk 0:13:15]} Bxb4 {[%clk 0:22:44]} 52. Kxf2 {[%clk 0:13:33]} Kf4
{[%clk 0:23:01]} 53. Kg2 {[%clk 0:13:04]} c5 {[%clk 0:23:13]} 54. Ng3
{[%clk 0:12:40]} Ke3 {[%clk 0:23:05]} 55. h4 {[%clk 0:12:57]} c4 {[%clk 0:22:49]}
56. h5 {[%clk 0:13:17]} Bf8 {[%clk 0:22:59]} 57. Nf5+ {[%clk 0:13:23]} Kf4
{[%clk 0:22:30]} 58. Nd6 {[%clk 0:12:58]} Bxd6 {[%clk 0:21:47]} 0-1

[Event "Eliminacje Miedzywojewodzkie MA-WM D13"]
[Site "Brok"]
[Date "2022.09.12"]
[Round "6.2"]
[White "Stankiewicz, Zofia"]
[Black "Walewska, Natalia"]
[Result "1-0"]
[BlackElo "1167"]
[WhiteElo "1108"]
[LiveChessVersion "1.4.8"]

1. e4 {[%clk 1:30:58]} e5 {[%clk 1:30:59]} 2. Nf3 {[%clk 1:31:26]} Nc6
{[%clk 1:31:25]} 3. Bc4 {[%clk 1:31:46]} Bc5 {[%clk 1:31:50]} 4. O-O
{[%clk 1:31:52]} Nf6 {[%clk 1:32:14]} 5. d3 {[%clk 1:31:56]} d6 {[%clk 1:31:47]}
6. h3 {[%clk 1:31:23]} h6 {[%clk 1:32:02]} 7. Nc3 {[%clk 1:31:33]} O-O
{[%clk 1:31:46]} 8. Be3 {[%clk 1:31:26]} Bb6 {[%clk 1:31:53]} 9. Qe2
{[%clk 1:26:48]} Na5 {[%clk 1:24:10]} 10. Bxb6 {[%clk 1:24:40]} axb6
{[%clk 1:24:11]} 11. Bd5 {[%clk 1:22:47]} c6 {[%clk 1:20:22]} 12. Bb3
{[%clk 1:21:06]} Nxb3 {[%clk 1:20:08]} 13. axb3 {[%clk 1:21:09]} Be6
{[%clk 1:19:10]} 14. Qe3 {[%clk 1:19:54]} Qc7 {[%clk 1:17:40]} 15. Rfd1
{[%clk 1:14:53]} c5 {[%clk 1:14:15]} 16. Nd2 {[%clk 1:10:01]} Kh7
{[%clk 1:02:22]} 17. Rf1 {[%clk 1:08:09]} g5 {[%clk 0:58:13]} 18. Rae1
{[%clk 1:03:27]} Rg8 {[%clk 0:56:33]} 19. Qf3 {[%clk 1:01:10]} Qe7
{[%clk 0:54:30]} 20. g4 {[%clk 0:56:45]} h5 {[%clk 0:48:19]} 21. Nd5
{[%clk 0:56:45]} Nxd5 {[%clk 0:46:11]} 22. exd5 {[%clk 0:55:14]} hxg4
{[%clk 0:44:53]} 23. hxg4 {[%clk 0:54:50]} Bd7 {[%clk 0:44:31]} 24. Kg2
{[%clk 0:54:03]} Kg7 {[%clk 0:44:22]} 25. Rh1 {[%clk 0:52:43]} Rh8
{[%clk 0:43:57]} 26. Ne4 {[%clk 0:50:16]} Raf8 {[%clk 0:37:55]} 27. Ng3
{[%clk 0:48:15]} f6 {[%clk 0:35:13]} 28. Rxh8 {[%clk 0:46:34]} Rxh8
{[%clk 0:34:37]} 29. Nh5+ {[%clk 0:45:17]} Kf7 {[%clk 0:33:15]} 30. Rh1
{[%clk 0:43:36]} Kg6 {[%clk 0:26:15]} 31. Nf4+ {[%clk 0:38:24]} Kg7
{[%clk 0:26:28]} 32. Rxh8 {[%clk 0:38:41]} gxf4 {[%clk 0:20:55]} 33. Qh3
{[%clk 0:38:31]} f3+ {[%clk 0:19:19]} 34. Kg1 {[%clk 0:35:50]} f5
{[%clk 0:14:36]} 35. Qh7+ {[%clk 0:35:50]} Kf6 {[%clk 0:14:47]} 36. g5+
{[%clk 0:36:14]} 1-0

[Event "Eliminacje Miedzywojewodzkie MA-WM D13"]
[Site "Brok"]
[Date "2022.09.12"]
[Round "6.3"]
[White "Woytitzki, Sophie"]
[Black "Siekanska, Zofia"]
[Result "1-0"]
[BlackElo "1128"]
[WhiteElo "1172"]
[LiveChessVersion "1.4.8"]

1. e4 {[%clk 1:30:57]} e5 {[%clk 1:30:55]} 2. Nf3 {[%clk 1:31:21]} Nc6
{[%clk 1:31:20]} 3. Nc3 {[%clk 1:31:47]} Nf6 {[%clk 1:31:25]} 4. Bb5
{[%clk 1:32:10]} d6 {[%clk 1:30:55]} 5. d4 {[%clk 1:32:19]} Bd7 {[%clk 1:29:09]}
6. Bxc6 {[%clk 1:32:20]} Bxc6 {[%clk 1:28:36]} 7. d5 {[%clk 1:32:20]} Bd7
{[%clk 1:28:27]} 8. O-O {[%clk 1:32:32]} c6 {[%clk 1:27:14]} 9. Re1
{[%clk 1:32:21]} Bg4 {[%clk 1:24:31]} 10. Qd3 {[%clk 1:31:45]} Nh5
{[%clk 1:15:08]} 11. h3 {[%clk 1:30:53]} Bxf3 {[%clk 1:14:18]} 12. Qxf3
{[%clk 1:31:10]} g6 {[%clk 1:14:23]} 13. Be3 {[%clk 1:29:38]} Ng7
{[%clk 1:13:10]} 14. Rad1 {[%clk 1:29:23]} Qd7 {[%clk 1:11:23]} 15. dxc6
{[%clk 1:26:48]} bxc6 {[%clk 1:11:06]} 16. Re2 {[%clk 1:26:38]} f5
{[%clk 1:10:15]} 17. Red2 {[%clk 1:26:30]} f4 {[%clk 1:09:03]} 18. Bc5
{[%clk 1:26:45]} Ne6 {[%clk 1:06:42]} 19. Na4 {[%clk 1:24:49]} Qc7
{[%clk 1:01:52]} 20. Ba3 {[%clk 1:21:32]} Nd4 {[%clk 1:00:08]} 21. Rxd4
{[%clk 1:18:40]} exd4 {[%clk 0:59:25]} 22. Qxf4 {[%clk 1:19:03]} Qa5
{[%clk 0:57:16]} 23. Rxd4 {[%clk 1:18:36]} Qe5 {[%clk 0:55:54]} 24. Qd2
{[%clk 1:17:34]} c5 {[%clk 0:54:36]} 25. Rd3 {[%clk 1:17:26]} Be7
{[%clk 0:53:24]} 26. Qa5 {[%clk 1:14:29]} O-O {[%clk 0:52:32]} 27. Re3
{[%clk 1:13:05]} Qf4 {[%clk 0:46:32]} 28. Qe1 {[%clk 1:12:54]} Rac8
{[%clk 0:43:12]} 29. Nc3 {[%clk 1:12:48]} Qe5 {[%clk 0:42:21]} 30. Nd5
{[%clk 1:11:44]} Bd8 {[%clk 0:40:09]} 31. c3 {[%clk 1:10:59]} Bb6
{[%clk 0:39:34]} 32. c4 {[%clk 1:09:53]} Rce8 {[%clk 0:37:33]} 33. b3
{[%clk 1:09:06]} Re6 {[%clk 0:35:56]} 34. Re2 {[%clk 1:08:55]} Qh5
{[%clk 0:34:44]} 35. Bc1 {[%clk 1:08:01]} Ba5 {[%clk 0:31:39]} 36. Bd2
{[%clk 1:07:18]} Bxd2 {[%clk 0:31:40]} 37. Qxd2 {[%clk 1:07:31]} Qh4
{[%clk 0:31:16]} 38. Nc7 {[%clk 1:04:00]} Re7 {[%clk 0:30:12]} 39. Qxd6
{[%clk 1:03:04]} Rxe4 {[%clk 0:29:48]} 40. Qd5+ {[%clk 1:03:14]} Rf7
{[%clk 0:27:20]} 41. Rxe4 {[%clk 1:02:36]} Qxf2+ {[%clk 0:26:56]} 42. Kh2
{[%clk 1:02:57]} Qxa2 {[%clk 0:25:24]} 43. Qd8+ {[%clk 1:01:07]} Rf8
{[%clk 0:22:29]} 44. Re8 {[%clk 1:01:10]} Qf2 {[%clk 0:21:44]} 45. Qd5+
{[%clk 1:00:40]} Kh8 {[%clk 0:20:00]} 46. Rxf8+ {[%clk 0:58:10]} Qxf8
{[%clk 0:20:22]} 47. Qe5+ {[%clk 0:58:20]} Kg8 {[%clk 0:20:18]} 48. Ne6
{[%clk 0:58:30]} Qe7 {[%clk 0:20:22]} 49. Qb8+ {[%clk 0:57:26]} Kf7
{[%clk 0:20:25]} 50. Nd8+ {[%clk 0:57:28]} Kf6 {[%clk 0:18:47]} 51. Qf4+
{[%clk 0:55:52]} Kg7 {[%clk 0:18:56]} 52. Nc6 {[%clk 0:55:57]} Qd7
{[%clk 0:17:32]} 53. Qe5+ {[%clk 0:55:03]} Kg8 {[%clk 0:17:30]} 54. Qxc5
{[%clk 0:54:39]} a6 {[%clk 0:15:03]} 55. Qd5+ {[%clk 0:54:13]} Qxd5
{[%clk 0:14:41]} 56. cxd5 {[%clk 0:54:32]} Kf8 {[%clk 0:15:03]} 57. Kg3
{[%clk 0:54:47]} Ke8 {[%clk 0:15:26]} 58. Kf4 {[%clk 0:55:10]} 1-0

[Event "Eliminacje Miedzywojewodzkie MA-WM D13"]
[Site "Brok"]
[Date "2022.09.12"]
[Round "6.4"]
[White "Czarkowska, Dalia"]
[Black "Dzierzgowska, Jagoda"]
[Result "1/2-1/2"]
[BlackElo "1236"]
[WhiteElo "1196"]
[LiveChessVersion "1.4.8"]

1. d4 {[%clk 1:31:00]} d5 {[%clk 1:30:45]} 2. Nf3 {[%clk 1:31:26]} c6
{[%clk 1:30:31]} 3. g3 {[%clk 1:31:34]} Nf6 {[%clk 1:29:34]} 4. Bg2
{[%clk 1:31:31]} h6 {[%clk 1:28:25]} 5. c4 {[%clk 1:31:21]} e6 {[%clk 1:22:53]}
6. Nc3 {[%clk 1:30:51]} Nbd7 {[%clk 1:20:01]} 7. Qb3 {[%clk 1:30:23]} Qb6
{[%clk 1:16:15]} 8. c5 {[%clk 1:30:29]} Qxb3 {[%clk 1:16:19]} 9. axb3
{[%clk 1:30:51]} Be7 {[%clk 1:15:07]} 10. b4 {[%clk 1:30:36]} b6 {[%clk 1:07:42]}
11. Bf4 {[%clk 1:28:57]} b5 {[%clk 1:03:48]} 12. O-O {[%clk 1:28:26]} O-O
{[%clk 1:04:10]} 13. Rfe1 {[%clk 1:27:24]} Bb7 {[%clk 0:56:42]} 14. h4
{[%clk 1:25:38]} Rfe8 {[%clk 0:53:19]} 15. Nd2 {[%clk 1:21:45]} Nh5
{[%clk 0:50:23]} 16. e3 {[%clk 1:09:56]} Nxf4 {[%clk 0:49:08]} 17. exf4
{[%clk 1:10:05]} Bd8 {[%clk 0:44:48]} 18. Nb3 {[%clk 1:09:55]} a6
{[%clk 0:43:09]} 19. Nb1 {[%clk 1:01:53]} Bc7 {[%clk 0:41:55]} 20. N1d2
{[%clk 1:01:06]} Nf8 {[%clk 0:36:33]} 21. Nf3 {[%clk 1:00:09]} f6
{[%clk 0:36:35]} 22. Bh3 {[%clk 0:59:36]} Bc8 {[%clk 0:28:37]} 23. h5 Kf7
{[%clk 0:24:55]} 24. Na5 {[%clk 0:48:05]} Bxa5 {[%clk 0:24:26]} 25. Rxa5
{[%clk 0:45:06]} Ra7 {[%clk 0:23:56]} 26. Ra3 {[%clk 0:43:49]} Rae7
{[%clk 0:23:10]} 27. Rae3 {[%clk 0:43:16]} Bd7 {[%clk 0:21:23]} 28. g4
{[%clk 0:42:47]} Nh7 {[%clk 0:19:38]} 29. Nh4 {[%clk 0:39:30]} Nf8
{[%clk 0:17:19]} 30. Nf3 {[%clk 0:38:29]} Nh7 {[%clk 0:17:09]} 31. Nh4
{[%clk 0:36:28]} Nf8 {[%clk 0:17:31]} 32. Nf3 {[%clk 0:32:44]} Nh7
{[%clk 0:17:57]} 33. Nh4 {[%clk 0:31:44]} Nf8 {[%clk 0:18:23]} 1/2-1/2

[Event "Eliminacje Miedzywojewodzkie MA-WM D13"]
[Site "Brok"]
[Date "2022.09.12"]
[Round "7.2"]
[White "Siekanska, Zofia"]
[Black "Czarkowska, Dalia"]
[Result "0-1"]
[BlackElo "1196"]
[WhiteElo "1128"]
[LiveChessVersion "1.4.8"]

1. e4 {[%clk 1:30:59]} c6 {[%clk 1:30:57]} 2. d4 {[%clk 1:31:22]} d5
{[%clk 1:31:24]} 3. exd5 {[%clk 1:31:48]} cxd5 {[%clk 1:31:47]} 4. Nf3
{[%clk 1:32:09]} Nf6 {[%clk 1:31:55]} 5. Bf4 {[%clk 1:32:22]} Bf5
{[%clk 1:31:26]} 6. Bd3 {[%clk 1:32:28]} Bxd3 {[%clk 1:31:51]} 7. Qxd3
{[%clk 1:32:50]} Qa5+ {[%clk 1:31:36]} 8. Nbd2 {[%clk 1:31:57]} Qa6
{[%clk 1:31:55]} 9. Qc3 {[%clk 1:28:56]} Nc6 {[%clk 1:30:29]} 10. Nb3
{[%clk 1:25:55]} Ne4 {[%clk 1:27:29]} 11. Qe3 {[%clk 1:24:44]} e6
{[%clk 1:27:01]} 12. Nfd2 {[%clk 1:22:52]} Nb4 {[%clk 1:25:53]} 13. Kd1
{[%clk 1:20:06]} Nxd2 {[%clk 1:23:44]} 14. Qxd2 {[%clk 1:18:20]} b6
{[%clk 1:16:08]} 15. a3 {[%clk 1:18:15]} Nc6 {[%clk 1:16:05]} 16. Qe2
{[%clk 1:16:47]} Qxe2+ {[%clk 1:14:51]} 17. Kxe2 {[%clk 1:17:09]} h6
{[%clk 1:14:50]} 18. Rhd1 {[%clk 1:16:01]} Rc8 {[%clk 1:11:11]} 19. Rac1
{[%clk 1:15:42]} g5 20. Bg3 f5 {[%clk 1:09:37]} 21. f4 {[%clk 1:14:33]} g4
{[%clk 1:07:42]} 22. Kf2 {[%clk 1:12:07]} Ne7 {[%clk 1:03:22]} 23. Re1
{[%clk 1:11:37]} Kf7 {[%clk 1:03:18]} 24. Re2 {[%clk 1:11:05]} Ng6
{[%clk 1:03:27]} 25. Kf1 {[%clk 1:09:49]} h5 {[%clk 1:03:17]} 26. h3
{[%clk 1:09:49]} h4 {[%clk 1:03:02]} 27. Bh2 {[%clk 1:09:13]} g3 {[%clk 1:03:02]}
28. Bg1 {[%clk 1:09:12]} Nxf4 {[%clk 1:02:30]} 29. Re3 {[%clk 1:08:53]} Bh6
{[%clk 1:02:18]} 30. Ree1 {[%clk 1:05:19]} Nxh3 31. Be3 {[%clk 1:04:13]} Ng5
{[%clk 0:53:31]} 32. c3 {[%clk 1:04:08]} Ne4 {[%clk 0:53:22]} 33. Bxh6
{[%clk 1:03:46]} Rxh6 {[%clk 0:52:57]} 34. Re3 {[%clk 1:02:35]} h3
{[%clk 0:52:57]} 35. gxh3 {[%clk 1:02:35]} Rxh3 {[%clk 0:53:18]} 36. Kg2
{[%clk 1:02:45]} Rh2+ 37. Kf3 {[%clk 1:02:28]} Rf2# {[%clk 0:53:58]} 0-1

[Event "Eliminacje Miedzywojewodzkie MA-WM D13"]
[Site "Brok"]
[Date "2022.09.12"]
[Round "7.3"]
[White "Walewska, Natalia"]
[Black "Woytitzki, Sophie"]
[Result "1-0"]
[BlackElo "1172"]
[WhiteElo "1167"]
[LiveChessVersion "1.4.8"]

1. e4 {[%clk 1:30:59]} c6 {[%clk 1:30:56]} 2. d4 {[%clk 1:31:24]} d5
{[%clk 1:31:22]} 3. exd5 {[%clk 1:31:48]} cxd5 {[%clk 1:31:47]} 4. Bd3
{[%clk 1:32:09]} Nc6 {[%clk 1:32:11]} 5. c3 {[%clk 1:32:33]} Nf6 {[%clk 1:32:31]}
6. Nf3 {[%clk 1:32:51]} Bg4 {[%clk 1:32:47]} 7. Nbd2 {[%clk 1:32:50]} e6
{[%clk 1:32:57]} 8. O-O {[%clk 1:32:56]} Bd6 {[%clk 1:32:48]} 9. Re1
{[%clk 1:32:02]} O-O {[%clk 1:32:42]} 10. h3 {[%clk 1:31:38]} Bh5
{[%clk 1:32:58]} 11. Qe2 {[%clk 1:17:31]} Rb8 {[%clk 1:32:43]} 12. Qf1
{[%clk 1:14:36]} Qc7 {[%clk 1:30:01]} 13. Qe2 {[%clk 0:56:44]} a6
{[%clk 1:29:36]} 14. a3 {[%clk 0:56:00]} b5 {[%clk 1:29:04]} 15. g4
{[%clk 0:49:32]} Bg6 {[%clk 1:29:19]} 16. Bxg6 {[%clk 0:49:46]} hxg6
{[%clk 1:29:35]} 17. b4 {[%clk 0:46:22]} Rfe8 {[%clk 1:29:26]} 18. Bb2
{[%clk 0:45:34]} e5 {[%clk 1:25:42]} 19. dxe5 {[%clk 0:44:49]} Nxe5
{[%clk 1:25:19]} 20. Nxe5 {[%clk 0:44:30]} Bxe5 {[%clk 1:25:19]} 21. Qd3
{[%clk 0:44:25]} Re7 {[%clk 1:12:16]} 22. Kg2 {[%clk 0:38:41]} Rbe8
{[%clk 1:11:58]} 23. Re2 {[%clk 0:38:24]} Qc6 {[%clk 1:11:52]} 24. Nf3
{[%clk 0:35:46]} Ne4 {[%clk 1:05:25]} 25. Nxe5 {[%clk 0:33:38]} Rxe5
{[%clk 1:05:38]} 26. Rae1 {[%clk 0:29:53]} d4 {[%clk 1:04:01]} 27. f3
{[%clk 0:28:15]} dxc3 {[%clk 0:59:48]} 28. Bxc3 {[%clk 0:27:54]} Nxc3
{[%clk 0:59:22]} 29. Rxe5 {[%clk 0:28:07]} Rc8 {[%clk 0:58:54]} 30. Rc5
{[%clk 0:27:40]} Qb7 {[%clk 0:58:08]} 31. Qxc3 {[%clk 0:27:47]} Rxc5
{[%clk 0:58:25]} 32. bxc5 {[%clk 0:27:31]} Qb8 {[%clk 0:58:21]} 33. Qe5
{[%clk 0:27:30]} Qxe5 {[%clk 0:58:18]} 34. Rxe5 {[%clk 0:27:53]} a5
{[%clk 0:58:44]} 35. c6 {[%clk 0:28:12]} b4 {[%clk 0:59:11]} 36. axb4
{[%clk 0:28:28]} axb4 {[%clk 0:59:39]} 37. c7 {[%clk 0:28:49]} b3
{[%clk 1:00:03]} 38. c8=Q+ {[%clk 0:29:03]} Kh7 {[%clk 1:00:28]} 39. Re8
{[%clk 0:29:05]} g5 {[%clk 1:00:51]} 40. Rh8+ {[%clk 0:29:24]} Kg6
{[%clk 1:01:15]} 41. Qf5# {[%clk 0:29:45]} 1-0

[Event "Eliminacje Miedzywojewodzkie MA-WM D13"]
[Site "Brok"]
[Date "2022.09.12"]
[Round "7.4"]
[White "Podoba, Hanna"]
[Black "Stankiewicz, Zofia"]
[Result "0-1"]
[BlackElo "1108"]
[WhiteElo "1067"]
[LiveChessVersion "1.4.8"]

1. e4 {[%clk 1:28:34]} e5 {[%clk 1:30:53]} 2. Bc4 {[%clk 1:28:56]} Nf6
{[%clk 1:31:03]} 3. Nc3 {[%clk 1:29:13]} Nxe4 {[%clk 1:27:35]} 4. Qe2
{[%clk 1:25:31]} Nf6 {[%clk 1:23:43]} 5. Qxe5+ {[%clk 1:20:12]} Be7
{[%clk 1:22:20]} 6. Nf3 {[%clk 1:18:55]} O-O {[%clk 1:20:00]} 7. d3
{[%clk 1:17:12]} Re8 {[%clk 1:18:57]} 8. Ng5 {[%clk 1:16:59]} d5 {[%clk 1:15:01]}
9. Nxd5 {[%clk 1:01:26]} Bb4+ {[%clk 1:10:22]} 10. Kd1 {[%clk 1:00:46]} Rxe5
{[%clk 1:08:37]} 11. Nxf6+ {[%clk 1:00:14]} Qxf6 {[%clk 1:07:48]} 12. Nxf7
{[%clk 1:00:19]} Bg4+ {[%clk 1:07:56]} 13. f3 {[%clk 1:00:17]} Bxf3+
{[%clk 1:08:24]} 14. gxf3 {[%clk 1:00:22]} Qxf3# {[%clk 1:08:45]} 0-1